[Event "Women's Speed Chess Q5"]
[Site "chess.com INT"]
[Date "2020.06.22"]
[Round "5"]
[White "Tsukerman, Julia"]
[Black "Priyanka, K"]
[Result "0-1"]
[WhiteTitle "WCM"]
[BlackTitle "WIM"]
[WhiteElo "1523"]
[BlackElo "2218"]
[WhiteFideId "2621649"]
[BlackFideId "5082986"]
[EventDate "2020.06.22"]

1. e4 c5 2. Nf3 d6 3. d4 cxd4 4. Nxd4 Nf6 5. Nc3 a6 6. Be3 e5 7. Nb3 Be7 8. f3
Be6 9. Qd2 h5 10. O-O-O Nbd7 11. Be2 b5 12. Nd5 Nxd5 13. exd5 Bf5 14. g4 hxg4
15. fxg4 Be4 16. Rhf1 Rxh2 17. Qe1 Rc8 18. Rd2 Bh4 19. Bf2 Bg5 20. Bd1 Bxd2+ 21.
Qxd2 Nf6 22. g5 Ng4 23. Bxg4 Rxc2+ 24. Qxc2 Bxc2 25. Kxc2 Qb6 0-1

[Event "Women's Speed Chess Q5"]
[Site "chess.com INT"]
[Date "2020.06.22"]
[Round "5"]
[White "Azhar, Puteri Munajjah Az-Zahraa"]
[Black "Zavivaeva, Evelina"]
[Result "1-0"]
[WhiteTitle "WIM"]
[BlackTitle "WCM"]
[WhiteElo "2046"]
[BlackElo "1619"]
[WhiteFideId "5709040"]
[BlackFideId "44127839"]
[EventDate "2020.06.22"]

1. d4 Nf6 2. c4 c5 3. d5 b5 4. Nc3 bxc4 5. e4 d6 6. Bxc4 g6 7. Nf3 Bg7 8. O-O
O-O 9. h3 a5 10. Re1 Ba6 11. Bd3 Bxd3 12. Qxd3 Nfd7 13. Bf4 Qc7 14. Rab1 Bxc3
15. Qxc3 Na6 16. Bh6 f6 17. Bxf8 Rxf8 18. Qe3 Nb4 19. Qe2 Nxa2 20. Ra1 Nb4 21.
h4 Rb8 22. h5 Qb6 23. hxg6 hxg6 24. Nh2 Kf7 25. Qg4 Rd8 26. Qe6+ Kg7 27. Qxe7+
Kh6 28. Ng4+ Kg5 29. Ne3 Qc7 30. Nc4 Qc8 31. Nxd6 Qb8 32. Nf7+ Kh5 1-0

[Event "Women's Speed Chess Q5"]
[Site "chess.com INT"]
[Date "2020.06.22"]
[Round "5"]
[White "Ramirez, Maria Eugenia"]
[Black "Balabayeva, Xeniya"]
[Result "0-1"]
[WhiteTitle "WFM"]
[BlackTitle "WFM"]
[WhiteElo "2057"]
[BlackElo "2146"]
[WhiteFideId "3301680"]
[BlackFideId "13719688"]
[EventDate "2020.06.22"]

1. e4 e6 2. d4 d5 3. exd5 exd5 4. c4 dxc4 5. Bxc4 Nf6 6. Nc3 Be7 7. Nf3 O-O 8.
O-O Bg4 9. Be3 Nc6 10. Be2 Nd5 11. Nxd5 Qxd5 12. h3 Bh5 13. Qd3 Rad8 14. Rfd1
Bf6 15. g4 Bg6 16. Qc3 Be4 17. Ng5 Bxg5 18. f4 Bh1 19. Bf1 Bh4 20. Rd2 Rfe8 21.
Rh2 Bf3 22. g5 Nxd4 23. Rd2 c5 24. b4 b6 25. bxc5 bxc5 0-1

[Event "Women's Speed Chess Q5"]
[Site "chess.com INT"]
[Date "2020.06.22"]
[Round "5"]
[White "Golubeva, Oksana"]
[Black "Swati, Mohota"]
[Result "0-1"]
[WhiteTitle "WFM"]
[BlackTitle "WFM"]
[WhiteElo "2179"]
[BlackElo "2027"]
[WhiteFideId "4170164"]
[BlackFideId "5006511"]
[EventDate "2020.06.22"]

1. Nf3 d5 2. d3 Nf6 3. g3 Nc6 4. Bf4 Bg4 5. Bg2 Bxf3 6. Bxf3 e5 7. Bg5 Be7 8.
Nc3 d4 9. Nb1 h6 10. Bd2 O-O 11. c3 Nd5 12. c4 Nf6 13. Na3 Rb8 14. O-O Nd7 15.
e4 Nc5 16. Qe2 Ne6 17. h4 a6 18. Nc2 b5 19. cxb5 Rxb5 20. b3 Bxh4 21. gxh4 Qxh4
22. Bg2 Nf4 23. Qf3 g5 24. Qg3 Ne2# 0-1

[Event "Women's Speed Chess Q5"]
[Site "chess.com INT"]
[Date "2020.06.22"]
[Round "5"]
[White "Zhuravleva, Olga"]
[Black "Afraoui, Anaelle"]
[Result "1-0"]
[WhiteTitle "WIM"]
[BlackTitle "WFM"]
[WhiteElo "2278"]
[BlackElo "2120"]
[WhiteFideId "4145933"]
[BlackFideId "20654383"]
[EventDate "2020.06.22"]

1. e4 d6 2. d4 Nf6 3. Bd3 g6 4. c3 Bg7 5. Nf3 O-O 6. O-O Nc6 7. Nbd2 e5 8. h3
exd4 9. cxd4 Re8 10. Re1 a5 11. a3 b6 12. Bb5 Bd7 13. Qc2 Na7 14. Bf1 a4 15. Nb1
Nb5 16. Nc3 Nxc3 17. bxc3 Bc6 18. Bd3 Qe7 19. Bg5 h6 20. Bxf6 Qxf6 21. Rab1 Re7
22. Nd2 Bd7 23. Bb5 Bxb5 24. Rxb5 h5 25. Rb4 Bh6 26. Nf3 Qf4 27. Rxa4 Rxa4 28.
Qxa4 Rxe4 29. Qa8+ Kg7 30. Qxe4 1-0

[Event "Women's Speed Chess Q5"]
[Site "chess.com INT"]
[Date "2020.06.22"]
[Round "5"]
[White "Sowa, Wiktoria"]
[Black "Toncheva, Nadya"]
[Result "0-1"]
[WhiteTitle "WFM"]
[BlackTitle "WFM"]
[WhiteElo "2093"]
[BlackElo "2064"]
[WhiteFideId "21836701"]
[BlackFideId "2924056"]
[EventDate "2020.06.22"]

1. e4 c5 2. Nf3 Nc6 3. Bb5 e6 4. O-O Nge7 5. c3 a6 6. Ba4 b5 7. Bc2 d6 8. d4
cxd4 9. cxd4 Bb7 10. Bf4 Ng6 11. Bg3 Be7 12. Nc3 O-O 13. d5 Nb4 14. Bb3 exd5 15.
Nxd5 Nxd5 16. Bxd5 Bxd5 17. Qxd5 Rc8 18. Rac1 Qb6 19. Nd4 Bf6 20. Nc6 Bxb2 21.
Rc2 Be5 22. Kh1 Bxg3 23. fxg3 Qe3 24. Rcf2 Rc7 25. Rf3 Qc5 26. Qxc5 dxc5 27. Na5
Ne5 28. Rf5 f6 29. Nb3 Rd8 30. h4 c4 31. Nc1 Rd2 32. g4 Nxg4 33. R1f4 Ne3 0-1

[Event "Women's Speed Chess Q5"]
[Site "chess.com INT"]
[Date "2020.06.22"]
[Round "5"]
[White "Franco Valencia, Angela"]
[Black "Goh, Jie Yi"]
[Result "0-1"]
[WhiteTitle "WIM"]
[BlackTitle "WCM"]
[WhiteElo "2089"]
[BlackElo "1743"]
[WhiteFideId "4403070"]
[BlackFideId "5710049"]
[EventDate "2020.06.22"]

1. e4 e6 2. d4 d5 3. Nd2 c5 4. exd5 Qxd5 5. Ngf3 cxd4 6. Bc4 Qd6 7. O-O Nf6 8.
Nb3 Nc6 9. Nfxd4 Nxd4 10. Nxd4 a6 11. Re1 Qc7 12. Bb3 Bd6 13. Nf5 Bxh2+ 14. Kh1
O-O 15. Nxg7 Kxg7 16. g3 Bxg3 17. Rg1 Qc6+ 18. Rg2 Rg8 19. Qd2 Kh8 20. fxg3 b5
21. Qf4 Rg6 22. Kg1 Bb7 23. Rh2 Rag8 24. Kf1 Ng4 25. Rh4 Rf6 26. Rxg4 Rxf4+ 27.
Rxf4 Rxg3 28. Rf2 Qh1+ 29. Ke2 Qe4+ 30. Kf1 Rg1+ 31. Kxg1 Qh1# 0-1

[Event "Women's Speed Chess Q5"]
[Site "chess.com INT"]
[Date "2020.06.22"]
[Round "5"]
[White "Kashlinskaya, Alina"]
[Black "Padmini, Rout"]
[Result "1-0"]
[WhiteTitle "IM"]
[BlackTitle "IM"]
[WhiteElo "2494"]
[BlackElo "2370"]
[WhiteFideId "4198026"]
[BlackFideId "5029295"]
[EventDate "2020.06.22"]

1. d4 Nf6 2. c4 e6 3. Nf3 d5 4. Nc3 c5 5. cxd5 Nxd5 6. e4 Nxc3 7. bxc3 cxd4 8.
cxd4 Bb4+ 9. Bd2 Bxd2+ 10. Qxd2 O-O 11. Bc4 Nd7 12. O-O b6 13. Rfe1 Bb7 14. Rad1
Rc8 15. Bb3 h6 16. h3 Qf6 17. Re3 Qf4 18. Qe2 Rfd8 19. Bc2 Nf8 20. e5 h5 21. g3
Bxf3 22. Rxf3 Rxc2 23. Qd3 Rxd4 24. Rxf4 Rxd3 25. Rxd3 Rxa2 26. Rd8 g6 27. Rc8
Kg7 28. Rc7 Nh7 29. Rfxf7+ Kh6 30. Rxh7+ Kg5 31. Rcf7 b5 32. f4# 1-0

[Event "Women's Speed Chess Q5"]
[Site "chess.com INT"]
[Date "2020.06.22"]
[Round "5"]
[White "Ismayil, Malak"]
[Black "Sebag, Marie"]
[Result "0-1"]
[WhiteTitle "WCM"]
[BlackTitle "GM"]
[WhiteElo "1997"]
[BlackElo "2438"]
[WhiteFideId "13412604"]
[BlackFideId "617822"]
[EventDate "2020.06.22"]

1. e4 c5 2. Nf3 d6 3. d4 cxd4 4. Nxd4 Nf6 5. Nc3 a6 6. Be3 e5 7. Nb3 Be6 8. Be2
Nbd7 9. O-O Be7 10. f4 b5 11. a3 Rc8 12. Nd2 O-O 13. f5 Bc4 14. Bxc4 bxc4 15.
Qe2 Qc7 16. Rab1 Rfe8 17. g4 h6 18. h4 Nh7 19. Qf2 Qd8 20. h5 Ndf6 21. Qf3 Qd7
22. Rfd1 Qc6 23. Nf1 Bd8 24. Ng3 Bb6 25. Nf1 Ng5 26. Qg2 Ngxe4 27. Nxe4 Nxe4 28.
c3 d5 29. Kh2 Rcd8 30. Bxb6 Qxb6 31. Rbc1 Qf6 32. Kg1 Qg5 33. Nh2 Qe3+ 34. Kh1
Ng3+ 0-1

[Event "Women's Speed Chess Q5"]
[Site "chess.com INT"]
[Date "2020.06.22"]
[Round "5"]
[White "Arabidze, Meri"]
[Black "Luong, Phuong Hanh"]
[Result "1-0"]
[WhiteTitle "IM"]
[BlackTitle "WIM"]
[WhiteElo "2428"]
[BlackElo "2230"]
[WhiteFideId "13604040"]
[BlackFideId "12401013"]
[EventDate "2020.06.22"]

1. d4 Nf6 2. c4 g6 3. Nf3 Bg7 4. g3 O-O 5. Bg2 d5 6. cxd5 Nxd5 7. O-O Nc6 8. Nc3
Nb6 9. d5 Na5 10. Qc2 c6 11. dxc6 Nxc6 12. Rd1 Qc7 13. Nb5 Qb8 14. Bf4 e5 15.
Be3 Bf5 16. Qc5 Nd7 17. Qd6 Qxd6 18. Nxd6 e4 19. Nd4 Nxd4 20. Bxd4 Bxd4 21. Rxd4
Nf6 22. Nxe4 Nxe4 23. Bxe4 Bxe4 24. Rxe4 Rac8 25. Rd1 Rc2 26. Rb4 b6 27. Rd7
Rxe2 28. Rxa7 Rc8 29. Rxb6 Rc1+ 30. Kg2 Rcc2 31. Rf6 Rxb2 32. a4 Ra2 33. Rfxf7
Rxa4 34. Rg7+ Kf8 35. Raf7+ Ke8 36. Rxh7 Raa2 37. Rhg7 g5 38. Rf5 1-0

[Event "Women's Speed Chess Q5"]
[Site "chess.com INT"]
[Date "2020.06.22"]
[Round "5"]
[White "Kostrikina, Anna"]
[Black "Hryzlova, Sofiia"]
[Result "1-0"]
[WhiteTitle "WFM"]
[BlackTitle "WCM"]
[WhiteElo "2161"]
[BlackElo "1940"]
[WhiteFideId "4176219"]
[BlackFideId "14174669"]
[EventDate "2020.06.22"]

1. e4 e6 2. d4 d5 3. Nd2 c5 4. exd5 Qxd5 5. Ngf3 cxd4 6. Bc4 Qd7 7. Nb3 Nc6 8.
Nbxd4 Nxd4 9. Nxd4 Qc7 10. Bd3 a6 11. O-O Bd7 12. c3 Bd6 13. h3 Nf6 14. Bg5 h6
15. Bxf6 gxf6 16. Qf3 Be5 17. Rfc1 Rg8 18. Be4 Rb8 19. Qh5 f5 20. Bd3 Bxd4 21.
cxd4 Bc6 22. d5 exd5 23. Re1+ Kf8 24. Qxh6+ Rg7 25. Bxf5 Kg8 26. Re3 d4 27. Rg3
Rxg3 28. fxg3 Qxg3 29. Bh7+ Kh8 30. Bg6+ Kg8 31. Qh7+ Kf8 32. Qxf7# 1-0

[Event "Women's Speed Chess Q5"]
[Site "chess.com INT"]
[Date "2020.06.22"]
[Round "5"]
[White "Tarleva, Vira"]
[Black "Koridze, Lile"]
[Result "0-1"]
[WhiteTitle "WFM"]
[BlackTitle "WFM"]
[WhiteElo "2030"]
[BlackElo "1996"]
[WhiteFideId "14116693"]
[BlackFideId "13612514"]
[EventDate "2020.06.22"]

1. e4 c5 2. Nf3 d6 3. d4 cxd4 4. Nxd4 Nf6 5. Nc3 Nc6 6. g3 e5 7. Nb3 Be7 8. Bg2
O-O 9. O-O a5 10. a4 Be6 11. Nd5 Rc8 12. c3 Nd7 13. Be3 Nc5 14. Bxc5 dxc5 15.
Nd2 Nb8 16. Nc4 Nd7 17. Qd2 Rb8 18. f4 f6 19. Nxe7+ Qxe7 20. Nxa5 Rfd8 21. f5
Nb6 22. Qe2 Bf7 23. Rfd1 h6 24. Bf1 c4 25. Qe3 Qc7 26. Rxd8+ Rxd8 27. Qe2 Qc5+
28. Kg2 Qxa5 29. Rd1 Rxd1 30. Qxd1 Kh7 31. g4 Qxa4 32. Qd2 Qc6 33. Qe3 Nd7 34.
Be2 Nc5 35. Bf3 Nd3 36. h4 Nf4+ 37. Kg3 Qb5 38. g5 hxg5 39. hxg5 fxg5 40. Qg1
Qxb2 41. Qh2+ Qxh2+ 42. Kxh2 Kh6 0-1

[Event "Women's Speed Chess Q5"]
[Site "chess.com INT"]
[Date "2020.06.22"]
[Round "5"]
[White "Vidyarthi, Omya"]
[Black "Ilyuchyk, Yana"]
[Result "0-1"]
[WhiteTitle "WCM"]
[BlackTitle "WFM"]
[WhiteElo "1709"]
[BlackElo "2119"]
[WhiteFideId "30931665"]
[BlackFideId "13508407"]
[EventDate "2020.06.22"]

1. d4 Nf6 2. Bg5 Ne4 3. Bf4 c5 4. f3 Nf6 5. d5 Nh5 6. Bc1 e5 7. e4 d6 8. Nd2
Qh4+ 9. Ke2 Ng3+ 10. hxg3 Qxh1 11. Nh3 Bxh3 12. gxh3 Qh2+ 13. Ke3 Qxg3 14. Bb5+
Nd7 15. Nc4 Be7 16. Bxd7+ Kxd7 17. Bd2 b5 18. Na5 Bg5+ 19. Kd3 c4+ 20. Kc3 Rhc8
21. Bxg5 Qxg5 22. Qg1 Qxg1 23. Rxg1 g6 24. Nc6 Rxc6 25. dxc6+ Kxc6 26. a3 a5 27.
h4 Rf8 28. h5 Rg8 29. Rg5 f6 30. Rg1 g5 31. Rg4 h6 32. Rg1 Rf8 33. Rg3 f5 34.
exf5 Rxf5 35. Kd2 d5 36. Ke2 Rf4 37. Rh3 d4 38. Kd2 Kd5 39. b3 Rh4 40. Rxh4 gxh4
41. Ke2 h3 42. Kf2 d3 43. bxc4+ bxc4 44. cxd3 cxd3 45. Kg3 d2 46. Kxh3 d1=Q 47.
Kg3 Kd4 48. f4 Qg1+ 49. Kf3 Qe3+ 50. Kg2 Qxf4 51. Kh3 Ke3 52. Kg2 Qf2+ 53. Kh1
Kf3 54. a4 Qg2# 0-1

[Event "Women's Speed Chess Q5"]
[Site "chess.com INT"]
[Date "2020.06.22"]
[Round "5"]
[White "Khotenashvili, Bela"]
[Black "Eswaran, Ashritha"]
[Result "1/2-1/2"]
[WhiteTitle "GM"]
[BlackTitle "WIM"]
[WhiteElo "2458"]
[BlackElo "2244"]
[WhiteFideId "13602640"]
[BlackFideId "2080788"]
[EventDate "2020.06.22"]

1. d4 Nf6 2. c4 e6 3. g3 c5 4. Nf3 cxd4 5. Nxd4 d5 6. Bg2 e5 7. Nb3 d4 8. O-O
Be7 9. f4 exf4 10. Bxf4 Nc6 11. Bxc6+ bxc6 12. Qxd4 O-O 13. Nc3 Qxd4+ 14. Nxd4
Bc5 15. e3 Ba6 16. b3 Rac8 17. Na4 Be7 18. Nf5 Rfe8 19. Nxe7+ Rxe7 20. Nc5 Bb7
21. Bg5 Re5 22. Bxf6 Rxc5 23. Bd4 Rg5 24. c5 Ba6 25. Rf4 Rd5 26. h4 f5 27. Rb1
Bd3 28. Rb2 Rb8 29. Rd2 Be4 30. g4 g6 31. gxf5 gxf5 32. Kh2 Kf7 33. Rd1 Rg8 34.
Rg1 Rxg1 35. Kxg1 Rd8 36. Kh2 Rg8 37. Rf2 Rg4 38. Kh3 h5 39. b4 Ke6 40. Rd2 Rg1
41. a3 Rh1+ 42. Kg3 Rg1+ 43. Kh3 Rh1+ 44. Kg3 Rg1+ 45. Kh3 1/2-1/2

[Event "Women's Speed Chess Q5"]
[Site "chess.com INT"]
[Date "2020.06.22"]
[Round "5"]
[White "Diakonova, Ekaterina"]
[Black "Turova, Irina"]
[Result "1-0"]
[BlackTitle "IM"]
[WhiteElo "2209"]
[BlackElo "2381"]
[WhiteFideId "24172936"]
[BlackFideId "4120876"]
[EventDate "2020.06.22"]

1. e4 e5 2. Nf3 Nc6 3. Bb5 f5 4. Nc3 fxe4 5. Nxe4 Nf6 6. Qe2 d5 7. Nxf6+ gxf6 8.
O-O Bg7 9. Nd4 O-O 10. Nxc6 bxc6 11. Bxc6 Rb8 12. b3 Rb6 13. Bb5 c6 14. Ba4 Ba6
15. d3 Qd6 16. Qg4 Rb4 17. Ba3 Rxg4 18. Bxd6 Rc8 19. c4 e4 20. f3 exf3 21. Rxf3
dxc4 22. dxc4 Rd4 23. c5 Rd2 24. Rf2 Rd3 25. Re1 Kf7 26. Re7+ Kg6 27. h3 f5 28.
Rxa7 Bd4 29. Rxa6 Rd1+ 30. Kh2 Bxf2 31. b4 Re8 32. Bxd1 Re1 33. Bf3 Kg5 34. g3
Rg1 35. h4+ Kg6 36. Rxc6 1-0

[Event "Women's Speed Chess Q5"]
[Site "chess.com INT"]
[Date "2020.06.22"]
[Round "5"]
[White "Tomilova, Elena"]
[Black "Kiolbasa, Oliwia"]
[Result "1-0"]
[WhiteTitle "WGM"]
[BlackTitle "WIM"]
[WhiteElo "2353"]
[BlackElo "2160"]
[WhiteFideId "4162340"]
[BlackFideId "1154613"]
[EventDate "2020.06.22"]

1. d4 d5 2. Nf3 Nf6 3. c4 dxc4 4. e3 Bg4 5. Bxc4 e6 6. O-O a6 7. Be2 Nc6 8. Nbd2
Bd6 9. Nc4 O-O 10. b3 Re8 11. Bb2 Bf8 12. Nce5 Nxe5 13. Nxe5 Bxe2 14. Qxe2 c5
15. dxc5 Bxc5 16. Rfd1 Qe7 17. Ng4 Nxg4 18. Qxg4 f6 19. Rac1 Ba3 20. Bxa3 Qxa3
21. Rc7 Re7 22. Rdd7 Rxd7 23. Qxe6+ Kh8 24. Qxd7 Rg8 25. Qd2 b5 26. h3 a5 27.
Ra7 a4 28. bxa4 bxa4 29. Qc2 Rd8 30. Rxa4 Qd6 31. Rd4 Qe7 32. Rxd8+ Qxd8 33. a4
h6 34. Qb3 Qd2 35. g3 Kh7 36. Qb5 Qc1+ 37. Kg2 1-0

[Event "Women's Speed Chess Q5"]
[Site "chess.com INT"]
[Date "2020.06.22"]
[Round "5"]
[White "Kalinina, Larisa"]
[Black "Kanyamarala, Trisha"]
[Result "1-0"]
[WhiteTitle "WIM"]
[BlackTitle "WIM"]
[WhiteElo "2131"]
[BlackElo "2193"]
[WhiteFideId "14106361"]
[BlackFideId "45004722"]
[EventDate "2020.06.22"]

1. e4 c5 2. Nf3 d6 3. d4 cxd4 4. Nxd4 Nf6 5. Nc3 Nc6 6. f4 e6 7. Nf3 Be7 8. Bd3
O-O 9. O-O a6 10. a4 b6 11. Qe1 Bb7 12. e5 dxe5 13. fxe5 Nd5 14. Qe4 g6 15. Ne2
Na5 16. Qg4 Nb4 17. Bh6 Re8 18. Ng5 Nxd3 19. cxd3 Bxg5 20. Bxg5 Qxd3 21. Qf4 Qf5
22. Qg3 Qe4 23. Nc3 Qc4 24. Qf2 f5 25. exf6 Kf7 26. Qxb6 Qg4 27. Qc7+ Kf8 28.
Qg7# 1-0

[Event "Women's Speed Chess Q5"]
[Site "chess.com INT"]
[Date "2020.06.22"]
[Round "5"]
[White "Meenakshi, Subbaraman"]
[Black "Nandhidhaa, P V"]
[Result "1-0"]
[WhiteTitle "WGM"]
[BlackTitle "WGM"]
[WhiteElo "2171"]
[BlackElo "2365"]
[WhiteFideId "5004381"]
[BlackFideId "5050847"]
[EventDate "2020.06.22"]

1. d4 d5 2. Nf3 Nf6 3. c4 e6 4. Nc3 Bb4 5. Qc2 O-O 6. a3 Bxc3+ 7. Qxc3 dxc4 8.
Qxc4 b6 9. Bg5 Ba6 10. Qc2 Nbd7 11. e4 Bxf1 12. Kxf1 h6 13. Bh4 Qc8 14. Rc1 Qa6+
15. Qe2 Qb7 16. e5 Nd5 17. h3 c5 18. dxc5 Nxc5 19. b4 Nf4 20. Qe3 Qa6+ 21. Kg1
Ne2+ 22. Kh2 Nxc1 23. bxc5 Nd3 24. c6 Rac8 25. Rd1 Nc5 26. Rd6 Qa4 27. Nd4 Na6
28. Qg3 Kh8 29. Qf4 Nc7 30. Bf6 Kh7 31. Qe4+ g6 32. Rd7 Nd5 33. Qh4 Nxf6 34.
Qxf6 Kg8 35. Nxe6 fxe6 36. Qg7# 1-0

[Event "Women's Speed Chess Q5"]
[Site "chess.com INT"]
[Date "2020.06.22"]
[Round "5"]
[White "Mammadova, Gulnar"]
[Black "Zhao, Xue"]
[Result "0-1"]
[WhiteTitle "IM"]
[BlackTitle "GM"]
[WhiteElo "2382"]
[BlackElo "2486"]
[WhiteFideId "13403508"]
[BlackFideId "8601283"]
[EventDate "2020.06.22"]

1. e4 e5 2. Nf3 Nc6 3. Bc4 Bc5 4. d3 Nf6 5. Nc3 a6 6. Bg5 h6 7. Bxf6 Qxf6 8. Nd5
Qd8 9. c3 Ba7 10. d4 d6 11. dxe5 dxe5 12. Qe2 Be6 13. Rd1 Qc8 14. O-O f6 15.
Nxc7+ Qxc7 16. Bxe6 Rd8 17. Nh4 h5 18. Nf5 g6 19. Ne3 Rd6 20. Nd5 Qd8 21. Bh3
O-O 22. Kh1 Kg7 23. f4 exf4 24. Nxf4 Re8 25. Ne6+ Rexe6 26. Bxe6 Qe7 27. Rxd6
Qxd6 28. Bd5 Bb8 29. g3 Ne5 30. Bxb7 h4 31. Rd1 Qe6 32. gxh4 Qh3 33. Qg2 Qxh4
34. Rg1 Ng4 35. Rf1 Nxh2 36. Kg1 Ba7+ 37. Rf2 Ng4 38. e5 Bxf2+ 39. Kf1 Ne3+ 0-1

[Event "Women's Speed Chess Q5"]
[Site "chess.com INT"]
[Date "2020.06.22"]
[Round "5"]
[White "Nguyen, Hong Anh"]
[Black "Yakimova, Mariya"]
[Result "1-0"]
[WhiteTitle "WIM"]
[BlackTitle "WFM"]
[WhiteElo "1970"]
[BlackElo "2269"]
[WhiteFideId "12406732"]
[BlackFideId "34188859"]
[EventDate "2020.06.22"]

1. d4 Nf6 2. c4 g6 3. Nf3 Bg7 4. g3 O-O 5. Bg2 d6 6. O-O Nc6 7. d5 Na5 8. Nfd2
c5 9. Nc3 a6 10. Qc2 Rb8 11. b3 b5 12. Bb2 e5 13. dxe6 Bxe6 14. cxb5 axb5 15.
Rfd1 Qe7 16. Nce4 Nxe4 17. Bxg7 Kxg7 18. Nxe4 Nb7 19. Qd3 d5 20. Nc3 d4 21. Nxb5
Bf5 22. Qd2 Rfe8 23. Bf3 Nd8 24. a4 h5 25. Qf4 Ne6 26. Qe5+ f6 27. Qd6 Qf7 28.
Rac1 Red8 29. Qc6 Rbc8 30. Qb7 Qxb7 31. Bxb7 Rb8 32. Bg2 d3 33. e4 Bg4 34. f3
Bxf3 35. Bxf3 Nd4 36. Nxd4 Rxd4 37. Rc3 d2 38. Kf2 Kh6 39. Ke2 Rbd8 40. Rc2 Kg5
41. Rcxd2 1-0

[Event "Women's Speed Chess Q5"]
[Site "chess.com INT"]
[Date "2020.06.22"]
[Round "5"]
[White "Injac, Teodora"]
[Black "Kiran, Manisha Mohanty"]
[Result "0-1"]
[WhiteTitle "WIM"]
[BlackTitle "WGM"]
[WhiteElo "2286"]
[BlackElo "2168"]
[WhiteFideId "932400"]
[BlackFideId "5019575"]
[EventDate "2020.06.22"]

1. d4 Nf6 2. Nf3 g6 3. Nbd2 d5 4. e3 Bg7 5. b4 O-O 6. Bb2 a5 7. b5 c5 8. dxc5
Ne4 9. Bxg7 Kxg7 10. c4 Nxc5 11. Nb3 Nxb3 12. Qxb3 dxc4 13. Bxc4 Nd7 14. O-O Nb6
15. Rfd1 Qc7 16. Rac1 Nxc4 17. Rxc4 Qb6 18. a4 Be6 19. Qb2+ Kg8 20. Rh4 Rfd8 21.
Re1 Qc5 22. Nd4 Bd5 23. Rc1 Qb4 24. Qe2 Rac8 25. Rxc8 Rxc8 26. h3 Rc1+ 27. Kh2
Qd6+ 28. f4 Be4 29. Qg4 f5 30. Qg5 Qf6 31. Qh6 Qg7 32. Qg5 Rd1 33. Qg3 Rd2 34.
Nf3 Re2 35. Ne5 Rxg2+ 36. Qxg2 Bxg2 37. Kxg2 Qf6 38. Kg3 Qd6 39. Kf3 Qd1+ 40.
Kg3 Qe1+ 0-1

[Event "Women's Speed Chess Q5"]
[Site "chess.com INT"]
[Date "2020.06.22"]
[Round "5"]
[White "Vargas, Gabriela"]
[Black "Daulyte-Cornette, Deimante"]
[Result "1/2-1/2"]
[WhiteTitle "WIM"]
[BlackTitle "IM"]
[WhiteElo "2170"]
[BlackElo "2400"]
[WhiteFideId "3700860"]
[BlackFideId "12802859"]
[EventDate "2020.06.22"]

1. d4 Nf6 2. Nf3 e6 3. Bg5 h6 4. Bh4 d5 5. c3 Be7 6. Nbd2 O-O 7. e3 b6 8. Bd3
Nbd7 9. O-O c5 10. Ne5 Nxe5 11. dxe5 Nd7 12. Bxe7 Qxe7 13. f4 f6 14. exf6 Nxf6
15. Nf3 Ng4 16. Qe2 Bb7 17. h3 Nf6 18. Ne5 Qd6 19. Bc2 Rad8 20. Rad1 Qc7 21. g4
Nd7 22. Qd3 Nf6 23. Qg6 Qe7 24. g5 hxg5 25. fxg5 Ne4 26. Bxe4 dxe4 27. Rxd8 Qxd8
28. Rf7 Rxf7 29. Qxf7+ Kh8 30. Qh5+ Kg8 31. Qf7+ Kh8 32. Qh5+ Kg8 33. Qf7+ 1/2-1/2

[Event "Women's Speed Chess Q5"]
[Site "chess.com INT"]
[Date "2020.06.22"]
[Round "5"]
[White "Skuhala, Barbara"]
[Black "Tereladze, Sopiko"]
[Result "1/2-1/2"]
[WhiteTitle "WFM"]
[BlackTitle "WIM"]
[WhiteElo "2095"]
[BlackElo "2141"]
[WhiteFideId "14605465"]
[BlackFideId "13600486"]
[EventDate "2020.06.22"]

1. e4 e5 2. Nf3 Nc6 3. Bc4 Nf6 4. O-O Bc5 5. c3 d6 6. d4 Bb6 7. a4 a5 8. d5 Ne7
9. Bb5+ Bd7 10. Bd3 O-O 11. h3 Ng6 12. Be3 Nf4 13. Bxf4 exf4 14. c4 Re8 15. Nc3
h6 16. Re1 Nh7 17. e5 dxe5 18. Rxe5 Ng5 19. Rxe8+ Qxe8 20. Nxg5 hxg5 21. Qh5
Bxf2+ 22. Kh1 g6 23. Qxg5 f3 24. Ne4 fxg2+ 25. Qxg2 Bd4 26. Re1 Qf8 27. Rf1 Qg7
28. Ng5 Rf8 29. b3 Qh6 30. Rf3 Kg7 31. Bf1 Bf6 32. Ne4 Be5 33. Ng5 Bf6 34. Ne4
Be5 35. Ng5 Bf6 1/2-1/2

[Event "Women's Speed Chess Q5"]
[Site "chess.com INT"]
[Date "2020.06.22"]
[Round "5"]
[White "Nurmanova, Alua"]
[Black "Papp, Petra"]
[Result "0-1"]
[WhiteTitle "WFM"]
[BlackTitle "WGM"]
[WhiteElo "2026"]
[BlackElo "2338"]
[WhiteFideId "13729390"]
[BlackFideId "739049"]
[EventDate "2020.06.22"]

1. e4 e6 2. d4 d5 3. Nc3 Nf6 4. e5 Nfd7 5. f4 c5 6. Nf3 Nc6 7. Be3 Be7 8. Qd2
O-O 9. Qf2 a6 10. dxc5 Qa5 11. Be2 Nxc5 12. O-O Bd7 13. a3 Ne4 14. Nxe4 dxe4 15.
Nd4 Rac8 16. b4 Qc7 17. c4 Nxd4 18. Bxd4 b5 19. Bb6 Qb7 20. c5 f5 21. Rfd1 g5
22. g3 Bc6 23. Qe3 gxf4 24. gxf4 Kh8 25. Kh1 Rg8 26. Rg1 Bh4 27. Raf1 Rxg1+ 28.
Kxg1 Rg8+ 29. Kh1 Qg7 30. Qh3 e3+ 31. Bf3 Bf2 32. Rxf2 exf2 0-1

[Event "Women's Speed Chess Q5"]
[Site "chess.com INT"]
[Date "2020.06.22"]
[Round "5"]
[White "De Seroux, Camille"]
[Black "Cholleti, Sahajasri"]
[Result "0-1"]
[WhiteTitle "WIM"]
[BlackTitle "WIM"]
[WhiteElo "2137"]
[BlackElo "2235"]
[WhiteFideId "1305620"]
[BlackFideId "5045118"]
[EventDate "2020.06.22"]

1. e4 c5 2. Nc3 d6 3. Nf3 Nf6 4. d4 cxd4 5. Nxd4 a6 6. Bc4 e6 7. a4 Be7 8. O-O
O-O 9. Qe2 Qc7 10. Be3 Nbd7 11. Bxe6 fxe6 12. Nxe6 Qc6 13. Nxf8 Bxf8 14. Bd4 Ne5
15. Rad1 Be6 16. b3 Rc8 17. h3 Qe8 18. Nd5 Nxd5 19. exd5 Bf5 20. f4 Ng6 21. Qxe8
Rxe8 22. Rd2 Re4 23. g4 Bd7 24. f5 Nf4 25. Kh2 Nxd5 26. Ba1 Ne3 27. Re1 Nxg4+
28. hxg4 Rxe1 29. Bc3 Bc6 30. Kg3 d5 31. Bd4 Bd6+ 32. Kf2 Re4 33. Kf3 Rf4+ 34.
Ke3 Rxg4 35. Kf3 Re4 0-1